000 00798nam a2200253 4500
001 18521
003 ES-MaACL
005 20230906151846.0
007 t|
008 020128s1984 sp af ||||0| spa d
016 7 _zIBH8405824824
020 _a84-85373-06-5
040 _aIBH
_bspa
_cM-BN-DP
080 _a329(46) PSOE
100 1 _aRibero-Meneses, Jorge María.
_996800
245 1 4 _aLos siete pecados capitales del P.S.O.E /
_cJorge María Rivero San José.
260 _aValladolid :
_bEdiciones de Cámara,
_c1984.
300 _a183 p., [14] p. de lám :
_bil. neg. y col ;
_c21 cm.
490 1 _aLas dos Españas
610 2 _aPartido Socialista Obrero Español.
_96155
830 0 _aLas dos Españas
_9228808
852 _aES-MaACL
_jG-1303
_bR.131048
999 _c18521
_d18521